[Event "Superbet Rapid GCT 2019"]
[Site "Bucharest"]
[Date "2019.11.06"]
[Round "1.1"]
[White "Karjakin, Sergey"]
[Black "Korobov, Anton"]
[Result "1/2-1/2"]
[WhiteElo "2760"]
[BlackElo "2679"]
[Annotator "RC"]
[PlyCount "75"]
[EventDate "2019.11.06"]
[EventType "tourn"]
[EventCountry "ROU"]
[SourceTitle "playchess.com"]
[Source "ChessBase"]
[SourceQuality "1"]
[TimeMode "Bronstein"]
[TimeControl "1500+10"]

1. e4 {[%emt 0:00:00]} c5 {[%emt 0:00:00]} 2. Nf3 {[%emt 0:00:00]} d6 {[%emt 0:00:00]} 3. d4 {[%emt 0:00:00]} cxd4 {[%emt 0:00:00]} 4. Nxd4 {[%emt 0:00:00]} Nf6 {[%emt 0:00:00]} 5. Nc3 {[%emt 0:00:00]} a6 {[%emt 0:00:00]} 6. Bd3 {[%emt 0:00:00]} g6 {[%emt 0:00:00]} 7. Be3 {[%emt 0:00:00]} Bg7 {[%emt 0:00:07]} 8. f3 {[%emt 0:00:00]} b5 {[%emt 0:00:42]} 9. Qd2 {[%emt 0:00:55]} Bb7 {[%emt 0:01:51]} 10. a4 {[%emt 0:01:19]} b4 {[%emt 0:00:17]} 11. Na2 {[%emt 0:00:18]} a5 {[%emt 0:00:49]} 12. c3 {[%emt 0:00:10]} bxc3 {[%emt 0:01:20]} 13. Bb5+ {[%emt 0:00:16]} Nbd7 {[%emt 0:00:45]} 14. Nxc3 {[%emt 0:00:10]} O-O {[%emt 0:00:46]} 15. O-O {[%emt 0:00:10]} Nc5 {[%emt 0:00:12]} 16. Qf2 {[%emt 0:02:22]} Rc8 {[%emt 0:01:01]} 17. Rfd1 {[%emt 0:00:10]} e5 {[%emt 0:01:39]} 18. Nc2 {[%emt 0:01:03]} Qe7 {[%emt 0:00:10]} 19. Ra3 {[%emt 0:04:04]} Rfd8 {[%emt 0:02:15]} 20. b4 {[%emt 0:00:34]} axb4 {[%emt 0:00:28]} 21. Nxb4 {[%emt 0:00:10]} d5 {[%emt 0:00:10]} 22. Nbxd5 {[%emt 0:00:50]} Nxd5 {[%emt 0:00:35]} 23. Nxd5 {[%emt 0:00:10]} Bxd5 {[%emt 0:00:38]} 24. exd5 {[%emt 0:00:10]} e4 {[%emt 0:02:36]} 25. Ra2 {[%emt 0:00:49]} exf3 {[%emt 0:00:30]} 26. gxf3 {[%emt 0:01:37]} Nb7 {[%emt 0:01:16]} 27. a5 {[%emt 0:04:11]} Qb4 {[%emt 0:00:28]} 28. Ba6 {[%emt 0:02:30]} Qb3 {[%emt 0:00:10]} 29. Bxb7 {[%emt 0:02:45]} Qxd1+ {[%emt 0:00:12]} 30. Kg2 {[%emt 0:00:10]} Rb8 {[%emt 0:03:23]} 31. a6 {[%emt 0:00:10]} Qb1 {[%emt 0:01:19]} 32. Qc2 {[%emt 0:00:35]} Rxb7 {[%emt 0:00:20]} 33. axb7 {[%emt 0:00:10]} Qxb7 {[%emt 0:00:10]} 34. Qc6 {[%emt 0:00:10]} Qe7 {[%emt 0:01:37]} 35. Ra8 {[%emt 0:00:55]} Rxa8 {[%emt 0:00:16]} 36. Qxa8+ {[%emt 0:00:10]} Bf8 {[%emt 0:00:10]} 37. Bh6 {[%emt 0:00:48]} Qe2+ {[%emt 0:00:10]} 38. Kg1 {[%emt 0:00:23]} 1/2-1/2

[Event "Superbet Rapid GCT 2019"]
[Site "Bucharest"]
[Date "2019.11.06"]
[Round "1.2"]
[White "Giri, Anish"]
[Black "So, Wesley"]
[Result "1-0"]
[WhiteElo "2780"]
[BlackElo "2767"]
[Annotator "TA"]
[PlyCount "77"]
[EventDate "2019.11.06"]
[EventType "tourn"]
[EventCountry "ROU"]
[SourceTitle "playchess.com"]
[Source "ChessBase"]
[SourceQuality "1"]

{[%evp 23,77,8,8,13,16,16,16,14,15,15,10,10,11,12,10,13,17,11,9,9,10,11,13,10,18,18,18,18,17,17,66,64,65,65,71,70,68,29,33,31,78,76,164,76,321,345,643,472,273,641,639,580,566,538,1673,1356]} 1. d4 Nf6 2. c4 e6 3. Nf3 d5 4. g3 dxc4 5. Bg2 c5 6. O-O Nc6 7. dxc5 Qxd1 8. Rxd1 Bxc5 9. Nbd2 c3 10. bxc3 O-O 11. Nb3 Be7 12. c4 $146 ({Predecessor:} 12. Bb2 Bd7 {½-½ (35) Ding,L (2805)-So,W (2754) Stavanger 2019}) 12... Bd7 13. Bb2 {E04: Open Catalan: 5 Nf3} Rfd8 14. Nfd4 Rac8 15. Nb5 {The position is equal.} b6 16. Nd6 Bxd6 17. Rxd6 Be8 18. Rxd8 Nxd8 19. Rc1 Bc6 20. c5 Bxg2 21. Kxg2 Nd7 {[%cal Rd7c5]} 22. cxb6 Rxc1 23. Bxc1 axb6 $11 {[%mdl 4096] Endgame KBN-KNN} 24. Kf3 Nc6 25. Ke3 Kf8 26. Nd4 Nxd4 27. Kxd4 {KB-KN} Ke7 28. Kc4 Kd6 29. Kb5 Kc7 30. g4 Nf6 $1 31. Be3 Nd7 32. h4 f5 {[#]} (32... e5 $16 {keeps fighting.}) 33. g5 (33. gxf5 $1 $18 {has better winning chances.} exf5 34. Bd4) 33... g6 $2 (33... e5 $16 {was called for.}) 34. f4 $18 Kb7 {If Black can now play ...Kc7 this consolidates a bit.} 35. a4 Kc7 36. Bf2 Kb7 {White is clearly winning.} 37. Bd4 Kc7 {[#] Black hopes to continue with ...Kb7.} 38. Bf6 $1 h6 {[#]} 39. Bd8+ $1 {[%mdl 512] Accuracy: White = 75%, Black = 59%.} 1-0

[Event "Superbet Rapid GCT 2019"]
[Site "Bucharest"]
[Date "2019.11.06"]
[Round "1.3"]
[White "Caruana, Fabiano"]
[Black "Aronian, Levon"]
[Result "0-1"]
[WhiteElo "2812"]
[BlackElo "2758"]
[Annotator "TA"]
[PlyCount "98"]
[EventDate "2019.11.06"]
[EventType "tourn"]
[EventCountry "ROU"]
[SourceTitle "playchess.com"]
[Source "ChessBase"]
[SourceQuality "1"]

{[%evp 10,98,9,0,0,-1,0,-21,-21,-21,-12,-43,47,43,32,34,39,-8,25,-50,-41,-46,0,-88,-60,-80,-79,-79,-80,-184,-86,-97,-91,-110,-114,-169,-63,-192,-206,-206,-208,-189,-200,-285,-298,-351,-148,-145,-150,-229,-260,-288,-311,-299,-305,-500,-498,-435,-38,-389,-404,-748,-223,-1156,-990,-809,-593,-1403,-1295,-2069,-776,-1301,-2037,-6295,-1709,-5933,-5750,-1606,-1320,-1589,-849,-1075,0,-1369,-1378,-29985,-29986,-29989,-29990,-29993,-29991]} 1. c4 Nf6 2. Nc3 e5 3. Nf3 Nc6 4. g3 Bb4 5. Bg2 O-O 6. Nd5 e4 {A29: English Opening: Four Knights Variation with 4 g3} (6... Bc5 7. b4 Nxb4 8. Nxb4 Bxb4 9. Nxe5 d5 10. cxd5 Nxd5 11. O-O Be6 12. Rb1 a5 13. a3 Bd6 14. Nf3 {½-½ (44) Giri,A (2779)-Karjakin,S (2750) Saint Louis 2019}) 7. Nh4 d6 {Strongly threatening ...g5.} 8. O-O g5 {The position is equal.} 9. d4 $1 h6 (9... gxh4 $2 10. Bg5 $18) 10. Be3 gxh4 $146 (10... Ba5 $15) ({Predecessor:} 10... Ba5 11. Nxf6+ Qxf6 12. a3 gxh4 13. b4 Bf5 14. bxa5 {0-1 (31) Gagliardi,V (2127)-Scuderi,D (2281) ICCF email 2016}) 11. Bxh6 $14 Nxd5 $1 12. cxd5 Ne7 13. Bxe4 Re8 14. Qd3 ({Better is} 14. Qa4 $11) 14... Qd7 $1 $15 15. Kh1 Nf5 16. Bg5 {[#]} (16. Bf4 $11) 16... f6 $1 $17 {[%cal Rf6g5]} 17. Bxh4 (17. Bxf6 Qh7) 17... Qh7 $36 {[%mdl 2048] ...Rxe4! is the strong threat. Keeping White busy.} ({Much weaker is} 17... Nxh4 18. gxh4 Qh3 19. a3 $11 (19. Bh7+ Kh8 $11)) 18. Rg1 Bd7 19. Qf3 (19. f3 $17) 19... Rxe4 (19... Kf7 $1 $19 20. Bd3 Rh8) 20. Qxe4 Re8 21. Qd3 Kf7 $1 {[%mdl 1024] Black has strong compensation.} 22. Rad1 (22. g4 $17 Qxh4 23. gxf5) 22... Qh5 ({Black should try} 22... Ba5 $19 23. Rg2 Qg6) 23. f3 (23. g4 $15 Qxh4 24. gxf5) 23... Ne3 $19 24. Rc1 Ba5 $1 25. b4 Bb6 26. b5 (26. Rc3 {was necessary.}) 26... Kg7 27. a4 {[#]} Qxd5 (27... Bg4 $1 $19 {[%cal Rg4f3][%mdl 512] and Black stays clearly on top.} 28. Qd2 (28. fxg4 Qxd5+) 28... Qxd5) 28. g4 $17 c6 $1 29. g5 (29. Bf2 $17 Qxd4 30. Rcd1 Qxd3 31. Rxd3) 29... f5 $19 30. Bf2 {And now bxc6 would win.} f4 ({Not} 30... Bxd4 31. Rgd1 $1 $11 {[%mdl 512]}) (30... Qxd4 31. Qxd4+ Bxd4 32. Rgd1 $15) 31. bxc6 bxc6 32. Qa6 $2 (32. a5 Qxa5 33. Bxe3 Rxe3 34. Qd1) 32... Bc8 33. Qd3 c5 $2 (33... Ng4 $19 34. Be1 Nxh2 $1 {[%mdl 512]}) 34. a5 $2 {[%mdl 8192]} (34. Qb5 $1 $15 Rh8 35. dxc5 dxc5 36. Qb2+ Qd4 37. Qc3) 34... c4 35. Qa3 (35. Qd2 $142 Bxa5 36. Qa2) 35... Bxd4 $2 (35... Ng4 36. Rxg4 Bxg4) 36. Rgd1 $2 (36. Qa4 Re7 37. g6) 36... Nxd1 {[%mdl 64] Discovered Attack} 37. Rxd1 Bc5 38. Qa4 Qe6 39. Bxc5 dxc5 (39... Qxe2 $142 40. Qa1+ Kg8 $1 {[%mdl 512]}) 40. Re1 {[#]} Bb7 $1 {( -> ...Bxf3+!)} 41. Kg2 Bc6 (41... Qg4+ $142 42. Kf2 Qh4+ {[%mdl 64] Double Attack} 43. Kg2 {[#]} Bxf3+ $1 {[%mdl 512]} 44. Kxf3 Re3+ 45. Kg2 f3+ $1 {[%mdl 512]} 46. exf3 Qxe1 47. Qd7+ Kg6 $1 {[%mdl 512]} 48. Qd6+ Re6) 42. Qc2 Qe3 43. Qf5 Qe5 44. Qg4 Qd4 {aiming for ...Bd7.} 45. Qf5 Qe5 46. Qg4 $1 c3 {[%cal Bc4c3,Bc3c2][%mdl 32] Hoping for ...c2.} 47. h4 c2 {Black mates.} 48. Kh3 Qd4 49. Kg2 Bd7 {Accuracy: White = 17%, Black = 50%.} 0-1

[Event "Superbet Rapid GCT 2019"]
[Site "Bucharest"]
[Date "2019.11.06"]
[Round "1.4"]
[White "Artemiev, Vladislav"]
[Black "Anand, Viswanathan"]
[Result "0-1"]
[WhiteElo "2746"]
[BlackElo "2765"]
[Annotator "TA"]
[PlyCount "56"]
[EventDate "2019.11.06"]
[EventType "tourn"]
[EventCountry "ROU"]
[SourceTitle "playchess.com"]
[Source "ChessBase"]
[SourceQuality "1"]

{[%evp 9,74,15,4,4,13,8,16,8,20,0,0,-2,0,0,14,10,7,17,20,14,20,15,28,0,0,-6,-11,-9,-9,-13,-3,-58,0,0,0,0,0,0,-15,-136,-112,-106,-132,-132,-134,-138,-139,-124,-81,-200,-154,-251,-198,-195,-206,-751,-716,-29990,-29991,-29991,-6548,-2616,-1869,-6150,-6120,-5473,-4989]} 1. Nf3 d5 2. g3 c5 3. Bg2 Nf6 4. O-O g6 5. d4 (5. c4 Bg7 6. cxd5 Nxd5 7. d4 cxd4 8. Nxd4 O-O 9. Nb5 Be6 10. Nd4 Bc8 11. Nb3 Nb6 12. Nc3 Nc6 13. Bf4 Qxd1 14. Rfxd1 Nc4 15. Nd5 Nxb2 16. Rdc1 Bf5 17. Nc5 Nc4 18. e4 Bg4 {1-0 (29) Vachier Lagrave,M (2774)-Wei,Y (2721) chess.com INT 2019}) 5... cxd4 6. Nxd4 {A08: King's Indian Attack} Bg7 7. Nb3 Nc6 8. Nc3 {[%cal Rc3d5] The position is equal.} e6 9. a4 O-O 10. a5 Re8 $146 ({Predecessor:} 10... Qe7 11. Be3 Rd8 12. Bc5 Qd7 13. Qc1 Rb8 14. Rd1 b6 15. axb6 axb6 {0-1 (50) Kraus,T (2426)-Langner,L (2366) Pardubice 2016}) 11. Re1 Rb8 12. Bf4 e5 13. Bg5 {[%cal Rc3d5]} d4 14. Ne4 Bf5 15. a6 b6 16. Nxf6+ Bxf6 17. Bxc6 {And now Bxf6 would win.} Bxg5 18. Bxe8 Qxe8 19. h4 Bh6 {Threatening ...Rc8.} 20. c3 ({White should try} 20. e4 $11 dxe3 21. fxe3) 20... Rc8 (20... dxc3 $15 21. e4 cxb2) 21. Nd2 $11 e4 {Strongly threatening ...e3.} 22. Nf1 ({Wrong is} 22. cxd4 $2 e3 $19) 22... dxc3 23. bxc3 e3 24. Qa4 (24. f3 $11) 24... Bd7 $17 25. Qd4 {[%cal Rf1e3]} exf2+ 26. Qxf2 Rxc3 27. Rad1 Bf8 28. Qf4 Bc6 {Played: Bd7-b5} 0-1

[Event "Superbet Rapid GCT 2019"]
[Site "Bucharest"]
[Date "2019.11.06"]
[Round "1.5"]
[White "Le, Quang Liem"]
[Black "Mamedyarov, Shakhriyar"]
[Result "1/2-1/2"]
[WhiteElo "2708"]
[BlackElo "2767"]
[Annotator "TA"]
[PlyCount "109"]
[EventDate "2019.11.06"]
[EventType "tourn"]
[EventCountry "ROU"]
[SourceTitle "playchess.com"]
[Source "ChessBase"]
[SourceQuality "1"]

{[%evp 14,109,21,11,18,22,17,1,9,0,0,0,0,-20,0,-32,-6,0,0,-16,0,0,5,-5,14,8,0,0,41,15,27,0,0,0,20,-22,0,0,0,0,0,0,2,0,0,0,0,0,0,-13,-14,-15,-13,-14,-14,-14,-14,-10,0,0,0,0,0,0,0,0,0,0,0,0,0,0,0,0,0,0,0,0,0,0,0,0,0,0,0,0,0,0,0,0,0,0,0,0,0,0,0,0]} 1. e4 e5 2. Nf3 Nc6 3. Bc4 Bc5 4. O-O Nf6 5. d3 d6 6. c3 h6 7. Re1 O-O 8. h3 Bb6 {C54: Giuoco Piano: 4 c3 Nf6, main lines with 5 d4 and 5 d3} (8... a6 9. a4 a5 10. Nbd2 Be6 11. Bb5 Na7 12. d4 Nxb5 13. dxc5 Na7 14. b3 Re8 15. cxd6 Qxd6 16. Ba3 {1-0 (43) Carlsen,M (2882)-So,W (2776) Saint Louis 2019}) 9. a4 a5 10. Na3 Ne7 11. Bb3 c6 12. Be3 $146 ({Predecessor:} 12. Nc4 Bc7 13. d4 Ng6 14. d5 Re8 15. Bc2 {0-1 (29) Maiwald,J (2474)-Tomashevsky,E (2701) Rijeka 2010}) 12... Bc7 13. Qc2 d5 14. Rad1 Ng6 15. exd5 cxd5 16. Nb5 Bf5 17. Nxc7 Qxc7 18. Qc1 Rfe8 19. d4 e4 20. Ne5 $1 Rad8 21. Nxg6 Bxg6 22. Bf4 Qb6 {The position is equal.} 23. Ba2 Kh7 24. Be5 Nd7 25. Bxd5 Nxe5 26. dxe5 Rxe5 27. c4 Re7 28. Qe3 Qc7 29. f3 {[%cal Rf3e4]} Rde8 {Threatens to win with ...exf3.} 30. fxe4 Bxe4 31. Bxe4+ (31. Qf2 {looks sharper.} Kg8 32. Bxe4 Rxe4 33. Rxe4 Rxe4 34. b3) 31... Rxe4 32. Qxe4+ Rxe4 33. Rxe4 $11 {[%mdl 4096] Endgame KQ-KRR} Qc6 34. Rd5 Qxa4 35. Kh2 Qc2 36. Rf4 Qxb2 37. Rxa5 f6 38. Rb5 Qd2 39. Rf1 Qd3 40. Rfb1 Qxc4 41. Rxb7 h5 42. Kh1 Kh6 43. Rd7 h4 44. Rd6 Qf4 (44... Kh7 {with more complications.} 45. Rbd1 Kg6 46. R6d4 Qe2 47. R4d2 Qc4) 45. Rbd1 g5 46. R6d3 Kg6 47. Rf3 Qe5 48. Rdf1 f5 (48... Qd6 {feels hotter.} 49. Kg1 Qb6+ 50. R1f2 Kg7 51. Rxf6 Qxf6 52. Rxf6 Kxf6 53. Kf2 Kg6) 49. Rxf5 Qxf5 50. Rxf5 Kxf5 {KPP-KPP} 51. Kg1 g4 52. hxg4+ Kxg4 53. Kh2 Kg5 54. g3 hxg3+ 55. Kxg3 {Accuracy: White = 72%, Black = 54%.} 1/2-1/2

[Event "Superbet Rapid GCT 2019"]
[Site "Bucharest"]
[Date "2019.11.06"]
[Round "2.1"]
[White "Mamedyarov, Shakhriyar"]
[Black "Artemiev, Vladislav"]
[Result "1/2-1/2"]
[WhiteElo "2767"]
[BlackElo "2746"]
[Annotator "TA"]
[PlyCount "92"]
[EventDate "2019.11.06"]
[EventType "tourn"]
[EventCountry "ROU"]
[SourceTitle "playchess.com"]
[Source "ChessBase"]
[SourceQuality "1"]

{[%evp 9,92,23,20,19,20,0,26,15,25,0,12,0,-10,-8,-26,-19,0,0,0,0,0,0,0,0,0,0,0,0,0,0,14,0,0,0,0,0,0,0,-2,0,-5,-5,-4,-6,0,0,0,0,0,-1,0,0,0,0,0,0,0,-13,-13,-20,-7,-15,-4,0,0,-10,0,0,0,0,0,0,0,0,0,0,0,1,5,0,0,0,11,0,11]} 1. d4 Nf6 2. Nf3 g6 3. c4 Bg7 4. e3 O-O 5. Be2 b6 (5... c5 6. dxc5 Ne4 7. Nd4 Nc6 8. O-O Nxc5 9. Nc3 d6 10. b3 Ne6 11. Nxe6 Bxe6 12. Bb2 d5 13. cxd5 Bxd5 {½-½ (27) Mamedyarov,S (2774)-Vachier Lagrave,M (2779) Zagreb 2019}) 6. O-O {E60: King's Indian: Unusual lines and Fianchetto Variation without Nc3} Bb7 7. Qc2 e6 $146 ({Predecessor:} 7... d5 8. cxd5 Nxd5 9. Bd2 e6 10. Rd1 Nd7 11. e4 N5f6 12. Nc3 c5 13. d5 {1-0 (25) Quintiliano Pinto,R (2455)-De Borba,G (2064) Caioba 2019}) 8. b4 {White has an edge.} Qe7 9. a4 a5 10. bxa5 Rxa5 11. Nbd2 d6 12. Bb2 Nbd7 {The position is equal.} 13. Nb3 Ra7 14. a5 Be4 15. Qc3 Rfa8 16. Nfd2 Bc6 17. Ra3 Ne4 18. Nxe4 Bxe4 19. Rfa1 Qg5 {[%csl Ge4][%cal Rg5g2] [#]} (19... c5 {is interesting.} 20. f3 Bc6 21. axb6 Rxa3 22. Rxa3 Rxa3 23. Bxa3 Nxb6 24. Qa5 Na4) 20. Bf1 (20. g3 {seems wilder.} h5 21. axb6 Rxa3 22. Rxa3 Nxb6 23. Nd2) 20... bxa5 21. Rxa5 Rxa5 22. Rxa5 Rxa5 23. Qxa5 Qxa5 24. Nxa5 c5 25. f3 Ba8 26. Kf2 f5 27. Nb3 Bc6 28. Na5 Ba8 29. Nb3 Kf7 30. Ba3 {[%cal Rd4c5]} Bf8 31. Be2 Be7 32. h3 Bc6 33. g4 Ba4 34. Nc1 Bh4+ 35. Kg2 Bg5 36. f4 Be7 37. Kf2 Nf6 38. Bf3 Bc2 39. dxc5 dxc5 40. Ke2 Ne4 41. Nd3 Bb3 42. Ne5+ Ke8 43. Kd3 Nf2+ 44. Ke2 Ne4 45. Kd3 Nf2+ 46. Ke2 Ne4 {Accuracy: White = 74%, Black = 62%.} 1/2-1/2

[Event "Superbet Rapid GCT 2019"]
[Site "Bucharest"]
[Date "2019.11.06"]
[Round "2.2"]
[White "Aronian, Levon"]
[Black "Karjakin, Sergey"]
[Result "1/2-1/2"]
[WhiteElo "2758"]
[BlackElo "2760"]
[Annotator "TA"]
[PlyCount "108"]
[EventDate "2019.11.06"]
[EventType "tourn"]
[EventCountry "ROU"]
[SourceTitle "playchess.com"]
[Source "ChessBase"]
[SourceQuality "1"]

{[%evp 9,108,27,18,10,13,15,12,9,22,0,0,0,2,0,0,0,1,-6,-5,-8,-5,-14,-14,-13,-13,-159,-13,-31,-27,-14,-10,-28,-25,-38,-6,-68,-34,-43,-10,-6,0,-7,0,0,0,0,0,-29,8,8,8,8,14,0,0,0,18,14,29,29,32,29,51,44,54,54,54,41,89,88,89,93,106,97,113,66,74,74,74,73,66,66,66,66,66,66,66,66,66,66,66,66,66,66,175,175,175,175,175,175,175]} 1. e4 e5 2. Nf3 Nc6 3. Bb5 Nf6 4. d3 Bc5 5. Bxc6 dxc6 6. Nbd2 {C65: Ruy Lopez: Berlin Defence (3...Nf6), unusual lines and 4 0-0 Bc5} O-O 7. O-O Re8 8. Nc4 {The position is equal.} Nd7 9. a4 a5 10. Kh1 b6 11. b3 $146 ({Predecessor:} 11. Be3 f6 12. Nh4 Bf8 13. Nf5 Nc5 {0-1 (49) Yu,Y (2736)-Karjakin,S (2753) Heixiazi 2015}) 11... f6 12. Ng1 Nf8 13. f4 exf4 14. Bxf4 Ng6 15. Bg3 Be6 16. Ne2 Qd7 17. Qd2 (17. Qc1 $11) 17... Bb4 (17... Bxc4 $1 $17 18. bxc4 Rxe4 $1 {[%mdl 576] Pin}) 18. Qc1 f5 19. exf5 Bxf5 20. Nf4 Bc3 21. Rb1 Rac8 22. Nb2 (22. Ne3 $11) 22... Bd4 {Strongly threatening ...Be3.} 23. Nc4 Re7 24. Qd2 Rce8 25. Rbe1 h6 26. Nxg6 Bxg6 27. Rxe7 Rxe7 28. Re1 Bf7 (28... Qf5 $5 {[%cal Rb6b5]} 29. Qc1 Rxe1+ 30. Qxe1 {[#]} Bc3 $1 $11 {[%mdl 512]}) 29. Ne5 Bxe5 30. Rxe5 c5 31. Qe3 Rxe5 32. Bxe5 c6 33. h3 Kh7 34. Kg1 $36 {[%mdl 2048] Black is under pressure.} Bg6 35. Bc3 Bh5 36. Qe4+ Kg8 37. g4 Bf7 38. Qe5 {[%csl Gc3][%cal Re5g7]} Bd5 39. Kf2 Qf7+ 40. Ke1 Bg2 41. h4 Kh7 42. Qf5+ (42. g5 {looks sharper.} hxg5 43. hxg5 Bd5 44. Kd2 Kg6 45. Kc1) 42... Qxf5 43. gxf5 $14 {[%mdl 4096] Endgame KB-KB} Kg8 44. Be5 b5 45. c4 bxa4 46. bxa4 Kf7 47. Bc3 Bh3 48. f6 g5 49. hxg5 hxg5 50. Bxa5 Kxf6 51. Bd8+ Ke6 (51... Kg6 $1 $14) 52. Bxg5 $18 {White is clearly better.} Kd7 53. Be3 Kc7 54. Bxc5 Kb7 {Accuracy: White = 63%, Black = 54%.} 1/2-1/2

[Event "Superbet Rapid GCT 2019"]
[Site "Bucharest"]
[Date "2019.11.06"]
[Round "2.3"]
[White "So, Wesley"]
[Black "Anand, Viswanathan"]
[Result "1/2-1/2"]
[WhiteElo "2767"]
[BlackElo "2765"]
[Annotator "TA"]
[PlyCount "95"]
[EventDate "2019.11.06"]
[EventType "tourn"]
[EventCountry "ROU"]
[SourceTitle "playchess.com"]
[Source "ChessBase"]
[SourceQuality "1"]

{[%evp 9,95,-3,-4,-5,0,0,0,0,0,-4,0,0,0,-6,-19,-21,-7,-16,-17,-26,-13,-12,-13,-16,20,0,9,0,0,0,15,0,0,0,0,-29,0,-16,0,0,0,-25,0,0,0,-14,68,71,69,68,69,68,68,67,66,45,57,35,31,45,39,28,43,39,34,7,13,21,44,29,94,8,30,6,6,6,6,0,0,0,0,0,0,0,0,0,0,0]} 1. Nf3 d5 2. c4 d4 3. b4 c5 4. Bb2 Nf6 5. g3 a5 (5... Qc7 6. Bg2 e5 7. O-O Nc6 8. b5 Ne7 9. e3 Ng6 10. a4 Be7 11. a5 Rb8 12. d3 {½-½ (25) Aronian,L (2758)-Matlakov,M (2716) Khanty-Mansiysk 2019}) 6. b5 $146 {A09: Réti Opening: 1 Nf3 d5 2 c4} ({Predecessor:} 6. bxc5 Nc6 7. Bg2 e5 8. O-O Bxc5 9. d3 O-O 10. Ba3 Nd7 11. Nfd2 Qe7 12. Qc1 {1-0 (45) Sakaev,K (2649)-Heberla,B (2509) Plovdiv 2008}) 6... Nbd7 7. Bg2 e5 8. O-O Bd6 9. d3 O-O 10. a4 Ra7 11. Nbd2 Re8 12. e3 b6 13. Nh4 Nf8 14. Bc6 Bd7 15. Bxd7 Rxd7 16. e4 Ng6 17. Ng2 Rf8 18. f4 exf4 19. gxf4 Ne8 20. Rf3 Nh4 21. Nxh4 Qxh4 22. Qf1 g6 23. Kh1 Ng7 24. e5 Be7 25. Ne4 {[%cal Bd2e4,Be4g3,Bg3e2][%mdl 32]} f5 26. Rh3 $36 {[%mdl 2048] White has some pressure.} Qg4 27. Ng3 h5 ({Black should try} 27... Bh4 $11) 28. Ne2 $14 {[#] aiming for Rg3.} h4 29. Bc1 Ne6 30. Rf3 Bd8 31. Bd2 Rg7 32. Qf2 Qh5 33. Rf1 g5 34. fxg5 Bxg5 35. Rxf5 Rxf5 36. Qxf5 Qe8 37. Be1 Qa8+ 38. Qf3 Qxf3+ 39. Rxf3 Be7 (39... Nf8 $11 {remains equal.}) 40. Rf2 (40. Nf4 $16 Rf7 41. Bd2) 40... Rg5 $11 41. Rg2 {Black must now prevent Rxg5+.} Kf7 {The position is equal.} 42. Rxg5 Bxg5 {[%mdl 4096] Endgame KBN-KBN} 43. Kg2 {Kf3 is the strong threat.} Kg6 $1 44. Kf3 {[#] Threatens to win with Ke4.} Kf5 45. h3 Bd8 ({Don't play} 45... Kxe5 $6 46. Kg4 $16) 46. Bd2 Bg5 (46... Kxe5 $6 47. Kg4 $16) 47. Be1 Bd8 ({But not} 47... Kxe5 $6 48. Kg4 $16) 48. Bd2 {Accuracy: White = 58%, Black = 58%.} 1/2-1/2

[Event "Superbet Rapid GCT 2019"]
[Site "Bucharest"]
[Date "2019.11.06"]
[Round "2.4"]
[White "Giri, Anish"]
[Black "Caruana, Fabiano"]
[Result "1/2-1/2"]
[WhiteElo "2780"]
[BlackElo "2812"]
[Annotator "TA"]
[PlyCount "135"]
[EventDate "2019.11.06"]
[EventType "tourn"]
[EventCountry "ROU"]
[SourceTitle "playchess.com"]
[Source "ChessBase"]
[SourceQuality "1"]

{[%evp 9,135,37,36,41,41,42,38,42,37,23,25,28,27,28,43,42,41,13,15,14,44,0,14,0,0,0,45,-14,44,56,69,61,64,61,110,64,78,64,105,95,120,114,117,8,30,8,11,23,74,54,51,49,50,0,0,0,0,0,65,18,9,6,7,6,11,15,78,66,98,9,9,6,24,26,32,21,16,18,37,37,51,20,21,0,0,0,0,-28,-28,-28,-28,-28,-28,-28,0,0,0,0,0,0,0,0,0,0,0,0,0,0,0,0,0,0,0,0,0,0,0,0,0,0,0,0,0,0,0,0,0,0]} 1. d4 e6 2. c4 Bb4+ 3. Bd2 a5 4. a3 Be7 (4... Bxd2+ 5. Qxd2 d6 6. Nc3 Nc6 7. e3 e5 8. Nf3 Bg4 9. Be2 Nge7 10. h3 Bxf3 11. Bxf3 exd4 12. exd4 {1-0 (58) Riazantsev,A (2666)-Popov,I (2609) Sochi 2017}) 5. Nc3 d5 6. Nf3 {A40: Unusual replies to 1 d4} Nf6 7. Bf4 O-O 8. e3 {White is slightly better.} b6 9. Bd3 dxc4 $146 ({Predecessor:} 9... Bb7 10. h3 Nbd7 11. cxd5 exd5 12. Nb5 c5 13. O-O {½-½ (42) Kostadinov,T (2217)-Spassov,L (2379) Varna 2011}) 10. Bxc4 Bb7 11. O-O Nbd7 12. Qe2 Nd5 13. Bg3 Nxc3 14. bxc3 a4 15. e4 Nf6 16. Bd3 Nh5 17. Be5 Ra5 (17... f6 $5 {[%cal Rf6e5]} 18. Bg3 Qd7 $11) 18. Rfd1 ({Better is} 18. h3 $14) 18... Qd7 (18... f6 $11 19. Bg3 Qd7) 19. h3 $14 Bd6 20. Qe3 {g4 is the strong threat.} Qe7 21. Bxd6 cxd6 22. Rdb1 Qc7 $1 23. Nd2 Ra7 24. e5 {And now Be2 would win.} dxe5 25. dxe5 Ra5 26. Re1 ({Worse is} 26. Qxb6 Qxb6 27. Rxb6 Bxg2 $15) (26. Rxb6 $16 {Black must now prevent Nc4.} Qxe5 27. Qxe5 (27. Rxb7 Qxe3 28. fxe3 Rd5 $16) 27... Rxe5 28. Rxb7) 26... Rd8 {[#] aiming for ...Rad5.} 27. Bf1 Rc5 28. c4 g6 (28... h6 $11) 29. Rab1 Ng7 30. g4 $1 Ne8 31. Bg2 Bxg2 32. Kxg2 Kg7 33. Rb4 Qd7 (33... b5 $11) 34. Re2 Qc6+ 35. Qf3 Qxf3+ 36. Nxf3 Nc7 37. Rxa4 b5 (37... Rd3 $11 {remains equal.}) 38. cxb5 $16 Rxb5 {[#]} 39. Rc4 ({White should try} 39. Ra7 $1 $16 {[%cal Ra7c7]} Rc5 40. Rb2) 39... Nd5 $11 40. a4 Rb3 41. Ra2 h6 42. h4 Ra8 43. Nd2 Rd3 44. a5 g5 45. hxg5 hxg5 46. Kf1 Nf4 47. a6 Rh8 {[%cal Rh8h1]} 48. Rxf4 gxf4 {[%mdl 4096] Endgame KRR-KRN} 49. Ke2 Rd5 50. Nc4 {Hoping for a7.} Rb5 51. Kf3 Rb3+ 52. Ke4 {The position is equal.} Rb4 53. Kd3 $1 Rc8 54. Nd6 Ra8 55. Kc3 Rb6 56. a7 f6 57. Kc4 fxe5 58. Kc5 Rb1 59. Nb5 {White wants to play Nc7.} Rc1+ 60. Kb6 e4 61. Nc7 Rc8 62. Nxe6+ Kf6 63. Nxf4 Rb1+ 64. Ka6 Ke5 65. Ng2 Rc6+ 66. Ka5 Rc5+ 67. Ka6 Rc6+ 68. Ka5 {Accuracy: White = 50%, Black = 69%.} 1/2-1/2